[Event "CVST 2012"]
[Site "Wijk aan Zee"]
[Date "2012.11.21"]
[Round "2.2"]
[White "Jonkman, Harmen"]
[Black "Van der Lende, Ilias"]
[Result "1-0"]
[WhiteElo "2421"]
[BlackElo "2169"]
[PlyCount "67"]
[EventDate "2012.??.??"]

1. e4 e6 2. d4 d5 3. e5 c5 4. c3 Nc6 5. Nf3 Nh6 6. Bxh6 gxh6 7. Be2 f6 8. O-O
Bg7 9. exf6 Qxf6 10. dxc5 O-O 11. Na3 Bd7 12. c4 d4 13. Nb5 e5 14. Nd6 b6 15.
Ne4 Qf4 16. Nfd2 Rad8 17. cxb6 axb6 18. Bd3 Nb4 19. Qb3 Nxd3 20. Qxd3 Bc6 21.
a4 Ra8 22. b4 Rfd8 23. a5 bxa5 24. b5 Be8 25. c5 Qf7 26. Rfc1 Rdb8 27. Nd6 Qd5
28. Nxe8 Rxe8 29. Ne4 Reb8 30. c6 Rxb5 31. c7 Rc8 32. Qh3 Rxc7 33. Rxc7 Rb8 34.
Qg4 1-0

[Event "CVST 2012"]
[Site "Wijk aan Zee"]
[Date "2012.11.20"]
[Round "2.5"]
[White "Plukkel, Sjoerd"]
[Black "Demuth, Adrien"]
[Result "0-1"]
[WhiteElo "2330"]
[BlackElo "2479"]
[PlyCount "70"]
[EventDate "2012.??.??"]

1. e4 e5 2. Nf3 Nc6 3. a3 Nf6 4. Nc3 Bc5 5. Nxe5 O-O 6. Nxc6 dxc6 7. Be2 Qd4 8.
O-O Nxe4 9. Nxe4 Qxe4 10. b4 Bd6 11. Bb2 a5 12. Bf3 Qf5 13. bxa5 Rxa5 14. d3
Qg6 15. Qd2 Rg5 16. h4 Rb5 17. h5 Qg5 18. Qxg5 Rxg5 19. Rfe1 h6 20. c4 Bg4 21.
Bxg4 Rxg4 22. Re4 Rg5 23. Rh4 Ra8 24. d4 b6 25. Bc1 Rga5 26. Rh3 Ra4 27. Rc3 c5
28. Be3 cxd4 29. Bxd4 c5 30. Be3 Be5 31. Bd2 Bxc3 32. Bxc3 Rxa3 33. Rc1 R8a4
34. Be5 f6 35. Bc7 Ra1 0-1

[Event "CVST 2012"]
[Site "Wijk aan Zee"]
[Date "2012.11.20"]
[Round "2.1"]
[White "Admiraal, Miguoel"]
[Black "Schoorl, Rob"]
[Result "1-0"]
[WhiteElo "2301"]
[BlackElo "2363"]
[PlyCount "59"]
[EventDate "2012.??.??"]

1. d4 d5 2. c4 c6 3. Nf3 Nf6 4. e3 Bg4 5. Qb3 Qb6 6. Nc3 e6 7. Nh4 Bh5 8. h3
Na6 9. c5 Qxb3 10. axb3 Nb4 11. Ra4 a5 12. g4 Bg6 13. Nxg6 hxg6 14. g5 Nd7 15.
Na2 b5 16. Nxb4 bxa4 17. Nxc6 axb3 18. Bb5 f6 19. Bd2 a4 20. Ba5 Kf7 21. Nd8+
Rxd8 22. Bxd8 Bxc5 23. Ba5 Bb6 24. Bc3 Rd8 25. Bxa4 fxg5 26. Bxb3 Rh8 27. Rg1
Rxh3 28. Rxg5 Rh1+ 29. Ke2 Bd8 30. Rxd5 1-0

[Event "CVST 2012"]
[Site "Wijk aan Zee"]
[Date "2012.11.19"]
[Round "1.1"]
[White "Plukkel, Sjoerd"]
[Black "Admiraal, Miguoel"]
[Result "0-1"]
[WhiteElo "2330"]
[BlackElo "2301"]
[PlyCount "38"]
[EventDate "2012.??.??"]

1. e4 c5 2. Nf3 Nc6 3. Nc3 g6 4. b3 Bg7 5. Bb2 Nf6 6. Nd5 O-O 7. Nxf6+ exf6 8.
Bc4 Re8 9. Bd5 f5 10. Bxg7 fxe4 11. Bh6 exf3+ 12. Kf1 fxg2+ 13. Kxg2 Nb4 14.
Bf3 Qh4 15. Be3 d5 16. d4 Nxc2 17. Qxc2 Qh3+ 18. Kg1 Qxf3 19. h4 cxd4 0-1

[Event "CVST 2012"]
[Site "Wijk aan Zee"]
[Date "2012.11.19"]
[Round "1.2"]
[White "Demuth, Adrien"]
[Black "Brunello, Sabino"]
[Result "0-1"]
[WhiteElo "2479"]
[BlackElo "2591"]
[PlyCount "92"]
[EventDate "2012.??.??"]

1. d4 Nf6 2. c4 c5 3. d5 b5 4. cxb5 a6 5. bxa6 g6 6. Nc3 Bxa6 7. Nf3 d6 8. g3
Bg7 9. Bg2 Nbd7 10. Rb1 O-O 11. O-O Qa5 12. Bd2 Rfb8 13. Qc2 Qc7 14. b3 Nb6 15.
Nh4 Bb7 16. e4 Ba6 17. Rfc1 Ng4 18. Nf3 Nd7 19. h3 Nge5 20. Ne1 c4 21. b4 Nd3
22. Nxd3 cxd3 23. Qd1 Qc4 24. Rb3 Bd4 25. b5 Bc8 26. Nb1 Qa4 27. Rxd3 Nc5 28.
Qxa4 Rxa4 29. Rf3 Rxa2 30. Be3 Nb3 31. Rd1 Rxb5 32. Bxd4 Nxd4 33. Rxd4 Rxb1+
34. Kh2 Ba6 35. g4 g5 36. Rf5 f6 37. Kg3 Kg7 38. Rf3 Rbb2 39. Rf5 Ra1 40. Rf3
Be2 41. Rf5 Ra3+ 42. Kh2 Kf7 43. e5 dxe5 44. Re4 Kg7 45. Bh1 Kg6 46. Kg1 Bd3
0-1

[Event "CVST 2012"]
[Site "Wijk aan Zee"]
[Date "2012.11.19"]
[Round "1.3"]
[White "Rozentalis, Eduardas"]
[Black "Ris, Robert"]
[Result "1-0"]
[WhiteElo "2592"]
[BlackElo "2400"]
[PlyCount "85"]
[EventDate "2012.??.??"]

1. e4 e5 2. Nf3 Nc6 3. Bb5 Bc5 4. c3 f5 5. Nxe5 Nxe5 6. d4 a6 7. Be2 fxe4 8.
dxc5 Qe7 9. Be3 Nf6 10. Nd2 d5 11. cxd6 cxd6 12. Nc4 Nxc4 13. Bxc4 Be6 14. Qa4+
Kf7 15. O-O Rhc8 16. Bxe6+ Qxe6 17. Bd4 Kg8 18. Rae1 d5 19. f3 Rf8 20. Qb3 b5
21. a4 Rab8 22. axb5 Rxb5 23. Qa2 Rfb8 24. Rf2 Rb3 25. Qb1 h6 26. h3 a5 27. Qc1
a4 28. Bxf6 Qxf6 29. fxe4 Qb6 30. exd5 Qc5 31. Qe3 Qxd5 32. Rd2 Qc4 33. Rd7
R3b7 34. Red1 Rxd7 35. Rxd7 Rf8 36. Qg3 Rf7 37. Rd4 Qe2 38. Kh2 Qxb2 39. Rxa4
Qc2 40. Rd4 Rf2 41. Rd8+ Rf8 42. Rxf8+ Kxf8 43. Qc7 1-0

[Event "CVST 2012"]
[Site "Wijk aan Zee"]
[Date "2012.11.19"]
[Round "1.4"]
[White "Castaneda, Georgui"]
[Black "Jonkman, Harmen"]
[Result "1/2-1/2"]
[WhiteElo "2518"]
[BlackElo "2421"]
[PlyCount "26"]
[EventDate "2012.??.??"]

1. e4 e5 2. Nf3 Nc6 3. Bb5 Nf6 4. O-O Nxe4 5. d4 Nd6 6. Bxc6 dxc6 7. dxe5 Nf5
8. Qxd8+ Kxd8 9. Nc3 Ne7 10. Rd1+ Ke8 11. Nd4 Nf5 12. Nf3 Ne7 13. Nd4 Nf5
1/2-1/2

[Event "CVST 2012"]
[Site "Wijk aan Zee"]
[Date "2012.11.19"]
[Round "1.5"]
[White "Van der Lende, Ilias"]
[Black "Schoorl, Rob"]
[Result "1/2-1/2"]
[WhiteElo "2169"]
[BlackElo "2363"]
[PlyCount "129"]
[EventDate "2012.??.??"]

1. e4 e5 2. Nf3 Nc6 3. Bc4 Nf6 4. d3 Be7 5. O-O d6 6. a4 O-O 7. a5 a6 8. Re1 h6
9. Nc3 Bg4 10. h3 Bxf3 11. Qxf3 Nd4 12. Qd1 c6 13. Be3 d5 14. exd5 cxd5 15.
Bxd4 exd4 16. Nxd5 Nxd5 17. Bxd5 Qxd5 18. Rxe7 Rae8 19. Rxe8 Rxe8 20. Qf3 Qxf3
21. gxf3 Re2 22. Rc1 Re5 23. b4 Rb5 24. Rb1 Kh7 25. Kh2 Kg6 26. Rg1+ Kf6 27.
Rg4 Rxb4 28. c4 Ra4 29. Rxd4 Rxa5 30. Rd6+ Kg5 31. Rb6 Ra3 32. Rxb7 Rxd3 33.
Rxf7 Kg6 34. Ra7 Rd6 35. Kg3 Rc6 36. h4 Rxc4 37. Rxa6+ Kf7 38. Ra5 Kf6 39. h5
Rc6 40. Kg4 Rc1 41. Ra6+ Kf7 42. f4 Rc4 43. f3 Rb4 44. Rg6 Rb1 45. f5 Rg1+ 46.
Kf4 Rh1 47. f6 Rh4+ 48. Kg3 Rxh5 49. fxg7 Kg8 50. Kg4 Ra5 51. f4 h5+ 52. Kf3
Ra7 53. Rg5 Rxg7 54. Rxh5 Ra7 55. Rb5 Kg7 56. Rb6 Ra5 57. Kg4 Rc5 58. Rb7+ Kg6
59. Ra7 Rb5 60. Ra4 Rc5 61. Ra6+ Kg7 62. Kf3 Rb5 63. Ke4 Kf7 64. Rh6 Ra5 65.
Rh1 1/2-1/2

[Event "CVST 2012"]
[Site "Wijk aan Zee"]
[Date "2012.11.21"]
[Round "3.1"]
[White "Demuth, Adrien"]
[Black "Admiraal, Miguoel"]
[Result "1/2-1/2"]
[WhiteElo "2479"]
[BlackElo "2301"]
[PlyCount "34"]
[EventDate "2012.??.??"]

1. d4 Nf6 2. c4 g6 3. Nc3 d5 4. Bg5 Bg7 5. Bxf6 Bxf6 6. cxd5 c5 7. Nf3 cxd4 8.
Nxd4 Qb6 9. e3 Qxb2 10. Bb5+ Nd7 11. Rc1 Bxd4 12. exd4 O-O 13. O-O Nf6 14. Re1
Bf5 15. Bc4 Rac8 16. Qb3 Qxb3 17. Bxb3 Rfd8 1/2-1/2

[Event "CVST 2012"]
[Site "Wijk aan Zee"]
[Date "2012.11.21"]
[Round "3.2"]
[White "Rozentalis, Eduardas"]
[Black "Plukkel, Sjoerd"]
[Result "1/2-1/2"]
[WhiteElo "2592"]
[BlackElo "2330"]
[PlyCount "95"]
[EventDate "2012.??.??"]

1. e4 c5 2. Nf3 Nc6 3. c3 d5 4. exd5 Qxd5 5. d4 cxd4 6. cxd4 e5 7. Nc3 Bb4 8.
Qd2 Bxc3 9. bxc3 exd4 10. cxd4 Nf6 11. Be2 O-O 12. O-O Bg4 13. Bb2 Rad8 14. h3
Bh5 15. Rfe1 Rfe8 16. Qc3 Ne4 17. Qb3 Qxb3 18. axb3 Nd2 19. g4 Rxe2 20. Rxe2
Nxf3+ 21. Kg2 Nh4+ 22. Kh2 Nf3+ 23. Kg2 Nh4+ 24. Kh2 Nf3+ 25. Kh1 Bg6 26. Kg2
Ng5 27. d5 Bd3 28. Re3 Nb4 29. Rae1 Be4+ 30. Rxe4 Nxe4 31. Rxe4 Nxd5 32. g5 f6
33. gxf6 gxf6 34. Kf3 Kf7 35. Rh4 Kg6 36. Rg4+ Kf5 37. Rh4 Rd7 38. Rd4 h5 39.
Ra4 b6 40. Rh4 Kg5 41. Rd4 a5 42. Ke4 f5+ 43. Ke5 Nf6 44. Ke6 Rxd4 45. Bxd4 Ne4
46. Bxb6 Kh4 47. Bxa5 Nc5+ 48. Kxf5 1/2-1/2

[Event "CVST 2012"]
[Site "Wijk aan Zee"]
[Date "2012.11.21"]
[Round "3.3"]
[White "Castaneda, Georgui"]
[Black "Brunello, Sabino"]
[Result "1-0"]
[WhiteElo "2518"]
[BlackElo "2591"]
[PlyCount "55"]
[EventDate "2012.??.??"]

1. d4 Nf6 2. Nf3 g6 3. Bg5 Bg7 4. Nbd2 d5 5. e3 O-O 6. Be2 c5 7. c3 Nc6 8. dxc5
a5 9. a4 e5 10. Qb3 h6 11. Bh4 g5 12. Bg3 Qe7 13. h3 Rd8 14. O-O Ne4 15. Nxe4
dxe4 16. Nh2 Kh8 17. Rfd1 f5 18. Nf1 Qxc5 19. Rxd8+ Nxd8 20. Rd1 Qe7 21. Bh2
Ne6 22. Qb6 Qc7 23. Qb5 Nf8 24. Qe8 Rb8 25. Rd8 Kh7 26. Bh5 Bf6 27. Bxe5 Qxe5
28. Qf7+ 1-0

[Event "CVST 2012"]
[Site "Wijk aan Zee"]
[Date "2012.11.21"]
[Round "3.4"]
[White "Van der Lende, Ilias"]
[Black "Ris, Robert"]
[Result "0-1"]
[WhiteElo "2169"]
[BlackElo "2400"]
[PlyCount "56"]
[EventDate "2012.??.??"]

1. e4 e5 2. Nf3 Nc6 3. Bc4 Nf6 4. d3 Be7 5. O-O O-O 6. Re1 d6 7. a4 Be6 8. Bxe6
fxe6 9. c3 Qd7 10. Nbd2 Nh5 11. Nc4 Nf4 12. d4 exd4 13. cxd4 a5 14. Qb3 b6 15.
d5 Nb4 16. Bxf4 Rxf4 17. Nd4 exd5 18. Ne3 Raf8 19. Nxd5 Nxd5 20. Qxd5+ R8f7 21.
e5 Qg4 22. Nc6 Bh4 23. e6 R7f5 24. e7+ Rxd5 25. e8=Q+ Rf8 26. Ne7+ Bxe7 27.
Qxe7 Qf5 28. Re2 Re5 0-1

[Event "CVST 2012"]
[Site "Wijk aan Zee"]
[Date "2012.11.21"]
[Round "3.5"]
[White "Schoorl, Rob"]
[Black "Jonkman, Harmen"]
[Result "1/2-1/2"]
[WhiteElo "2363"]
[BlackElo "2421"]
[PlyCount "67"]
[EventDate "2012.??.??"]

1. e4 e5 2. Nf3 Nc6 3. Bb5 Nf6 4. d3 Bc5 5. c3 O-O 6. O-O d6 7. h3 h6 8. Nbd2
Bb6 9. Nc4 Ne7 10. Ba4 Ng6 11. Re1 Be6 12. Nxb6 axb6 13. d4 Qc8 14. Kh2 c6 15.
Bc2 Qc7 16. Ng1 d5 17. f4 Nxf4 18. Bxf4 exf4 19. e5 Ne4 20. Bxe4 dxe4 21. Rxe4
f6 22. Nf3 Bd5 23. Rxf4 Bxf3 24. Qxf3 fxe5 25. Rxf8+ Rxf8 26. Qg3 Rf4 27. dxe5
Qxe5 28. Re1 Qd6 29. Re4 Rf6 30. Rd4 Qe7 31. Qd3 Qe5+ 32. Qg3 Qe7 33. Qd3 Qe5+
34. Qg3 1/2-1/2

[Event "CVST 2012"]
[Site "Wijk aan Zee"]
[Date "2012.11.22"]
[Round "4.1"]
[White "Admiraal, Miguoel"]
[Black "Jonkman, Harmen"]
[Result "1/2-1/2"]
[WhiteElo "2301"]
[BlackElo "2421"]
[PlyCount "36"]
[EventDate "2012.??.??"]

1. e4 e5 2. Nf3 Nc6 3. Bb5 f5 4. Nc3 Nf6 5. Qe2 fxe4 6. Nxe4 d5 7. Nxf6+ gxf6
8. d4 Bg7 9. dxe5 O-O 10. e6 Ne5 11. Bf4 Qd6 12. Qd2 Bxe6 13. Nd4 Rad8 14. Nxe6
Qxe6 15. O-O c6 16. Bd3 Nxd3 17. Qxd3 Rfe8 18. Qd2 Qe2 1/2-1/2

[Event "CVST 2012"]
[Site "Wijk aan Zee"]
[Date "2012.11.22"]
[Round "4.2"]
[White "Ris, Robert"]
[Black "Schoorl, Rob"]
[Result "1-0"]
[WhiteElo "2400"]
[BlackElo "2363"]
[PlyCount "83"]
[EventDate "2012.??.??"]

1. Nf3 d5 2. c4 c6 3. e3 Nf6 4. Nc3 g6 5. d4 Bg7 6. Be2 O-O 7. O-O dxc4 8. Bxc4
b5 9. Be2 a6 10. Qc2 Nbd7 11. Rd1 Qc7 12. b4 e5 13. a4 exd4 14. Nxd4 Rb8 15.
Bb2 c5 16. bxc5 b4 17. Na2 Qxc5 18. Qxc5 Nxc5 19. Nc6 Rb6 20. Naxb4 a5 21. Bd4
axb4 22. Ne7+ Kh8 23. Bxc5 Rb7 24. Bf3 Nd7 25. Bd4 Rc7 26. Nd5 Rc4 27. Be2 Bxd4
28. Rxd4 Rxd4 29. exd4 b3 30. Rb1 Nb8 31. Ne7 Re8 32. Rxb3 Nc6 33. Nxc6 Rxe2
34. h3 Bd7 35. d5 Ra2 36. Rb7 Bf5 37. a5 Be4 38. Rb5 Kg7 39. f3 Bd3 40. Rb6
Ra1+ 41. Kh2 Bf1 42. d6 1-0

[Event "CVST 2012"]
[Site "Wijk aan Zee"]
[Date "2012.11.22"]
[Round "4.3"]
[White "Brunello, Sabino"]
[Black "Van der Lende, Ilias"]
[Result "1-0"]
[WhiteElo "2591"]
[BlackElo "2169"]
[PlyCount "97"]
[EventDate "2012.??.??"]

1. d4 e6 2. c4 Nf6 3. Nc3 Bb4 4. e3 O-O 5. Nge2 c5 6. a3 Bxc3+ 7. Nxc3 b6 8. d5
d6 9. Be2 exd5 10. cxd5 Ba6 11. O-O Re8 12. e4 Bxe2 13. Qxe2 b5 14. Qxb5 Nxe4
15. Re1 a6 16. Qa4 Nf6 17. Bf4 Nbd7 18. Qc6 Ne5 19. Bxe5 dxe5 20. Rad1 Qc8 21.
Na4 Qxc6 22. dxc6 Rac8 23. Rd6 Re7 24. Nxc5 Ne8 25. Rd7 Kf8 26. Nxa6 Rxc6 27.
Rxe7 Kxe7 28. Nb4 Re6 29. a4 Nc7 30. a5 f6 31. Rc1 Kd7 32. Nd3 Rc6 33. Rd1 Rd6
34. Kf1 Na6 35. Ke2 Kc6 36. f4 exf4 37. Nxf4 Rxd1 38. Kxd1 Kb5 39. Nh5 Kxa5 40.
Nxg7 Nc7 41. Nh5 Nd5 42. Ke2 Kb4 43. Kd3 Kc5 44. g4 Kd6 45. Ke4 h6 46. Ng7 Nb6
47. Nf5+ Kc5 48. Nxh6 Nc4 49. Kf5 1-0

[Event "CVST 2012"]
[Site "Wijk aan Zee"]
[Date "2012.11.22"]
[Round "4.4"]
[White "Plukkel, Sjoerd"]
[Black "Castaneda, Georgui"]
[Result "1/2-1/2"]
[WhiteElo "2330"]
[BlackElo "2518"]
[PlyCount "81"]
[EventDate "2012.??.??"]

1. e4 e6 2. d4 d5 3. e5 c5 4. c3 Nc6 5. Nf3 Nge7 6. a3 Nf5 7. b4 cxd4 8. cxd4
Bd7 9. Bb2 b5 10. Bd3 a5 11. Bxf5 exf5 12. Nc3 axb4 13. Nxb5 bxa3 14. Bc3 Qb6
15. Qe2 Nd8 16. Nd6+ Bxd6 17. exd6+ Ne6 18. O-O Bb5 19. Rfb1 Bxe2 20. Rxb6 Bxf3
21. gxf3 Kd7 22. Rb7+ Kxd6 23. Rc1 Kc6 24. Rxf7 Ra4 25. Ba5+ Rc4 26. Rb1 Nxd4
27. Rb6+ Kc5 28. Rc7+ Nc6 29. Rbxc6+ Kb5 30. Rxc4 dxc4 31. Bc3 Ra8 32. Rb7+ Kc5
33. Rb1 a2 34. Ra1 Ra3 35. Bxg7 Kb4 36. Kf1 c3 37. Bf8+ Kb3 38. Bxa3 Kxa3 39.
Ke2 Kb2 40. Kd3 Kxa1 41. Kc2 1/2-1/2

[Event "CVST 2012"]
[Site "Wijk aan Zee"]
[Date "2012.11.22"]
[Round "4.5"]
[White "Demuth, Adrien"]
[Black "Rozentalis, Eduardas"]
[Result "0-1"]
[WhiteElo "2479"]
[BlackElo "2592"]
[PlyCount "80"]
[EventDate "2012.??.??"]

1. c4 e6 2. Nc3 Nf6 3. e4 d5 4. e5 Ne4 5. Nf3 Be7 6. Qc2 Ng5 7. Nxg5 Bxg5 8.
cxd5 exd5 9. f4 Be7 10. d4 c5 11. dxc5 Bxc5 12. Nb5 Bb4+ 13. Bd2 Bxd2+ 14. Qxd2
O-O 15. Be2 Qb6 16. O-O-O Na6 17. Nd6 Nc5 18. Rhf1 Ne4 19. Nxe4 dxe4 20. Qd4
Be6 21. b3 Qa5 22. Kb2 Rac8 23. Qd2 Qc5 24. Rc1 Qb6 25. Rxc8 Rxc8 26. Rd1 g6
27. g4 Qf2 28. f5 e3 29. Qd3 gxf5 30. Rc1 Kg7 31. Rf1 Qxh2 32. gxf5 Qxe5+ 33.
Ka3 Qa5+ 34. Kb2 Rd8 35. Qc3+ Qxc3+ 36. Kxc3 Bc8 37. f6+ Kg6 38. Bd3+ Kg5 39.
Bxh7 Bg4 40. Bd3 e2 0-1

[Event "CVST 2012"]
[Site "Wijk aan Zee"]
[Date "2012.11.23"]
[Round "5.1"]
[White "Rozentalis, Eduardas"]
[Black "Admiraal, Miguoel"]
[Result "1-0"]
[WhiteElo "2592"]
[BlackElo "2301"]
[PlyCount "79"]
[EventDate "2012.??.??"]

1. e4 d6 2. d4 Nf6 3. Nc3 g6 4. Nf3 Bg7 5. Be2 O-O 6. O-O c6 7. a4 Qc7 8. Bf4
Nbd7 9. e5 Nh5 10. Bg5 dxe5 11. Bxe7 Re8 12. d5 Bf6 13. Ba3 e4 14. dxc6 bxc6
15. Bd6 Qb6 16. Nd2 Qxb2 17. Ra3 Nf4 18. Nc4 Nxe2+ 19. Qxe2 Qb7 20. Nxe4 Qa6
21. Rf3 Bd8 22. Re3 Re6 23. Rd1 Bb6 24. Ng5 Rxe3 25. fxe3 Bd8 26. Bf4 Bxg5 27.
Bxg5 Nf8 28. Rd8 Bb7 29. Rd6 Bc8 30. Qf1 Bf5 31. Bh6 Qb7 32. Qa1 Ne6 33. Ne5
Bxc2 34. Nd7 Qb1+ 35. Qxb1 Bxb1 36. Nf6+ Kh8 37. Rd7 Nd8 38. Re7 Ne6 39. Rxf7
g5 40. e4 1-0

[Event "CVST 2012"]
[Site "Wijk aan Zee"]
[Date "2012.11.23"]
[Round "5.4"]
[White "Schoorl, Rob"]
[Black "Brunello, Sabino"]
[Result "1-0"]
[WhiteElo "2363"]
[BlackElo "2591"]
[PlyCount "69"]
[EventDate "2012.??.??"]

1. e4 c6 2. c4 d5 3. cxd5 cxd5 4. exd5 Nf6 5. Nc3 Nxd5 6. Nf3 Nc6 7. Bb5 e6 8.
O-O Be7 9. d4 O-O 10. Re1 Nf6 11. a3 a6 12. Bxc6 bxc6 13. Na4 a5 14. Ne5 Ba6
15. Nxc6 Qc7 16. Nxe7+ Qxe7 17. Bg5 h6 18. Bh4 Rfd8 19. Qf3 Bb7 20. Bxf6 gxf6
21. Qf4 Kh7 22. Rad1 Rg8 23. g3 Rad8 24. Nc3 Rg6 25. d5 Rd6 26. dxe6 Rxe6 27.
Qd2 f5 28. Rxe6 Rxe6 29. Nd5 Qc5 30. Qc3 Qb5 31. Nf4 Rc6 32. Qd4 Rc2 33. Qf6
Qd7 34. Re1 Rc6 35. Nh5 1-0

[Event "CVST 2012"]
[Site "Wijk aan Zee"]
[Date "2012.11.23"]
[Round "5.5"]
[White "Jonkman, Harmen"]
[Black "Ris, Robert"]
[Result "1/2-1/2"]
[WhiteElo "2421"]
[BlackElo "2400"]
[PlyCount "28"]
[EventDate "2012.??.??"]

1. e4 e5 2. Nf3 Nc6 3. Bc4 Nf6 4. d3 Bc5 5. O-O O-O 6. Bb3 d6 7. c3 a6 8. Nbd2
Ba7 9. h3 Nh5 10. Nc4 Qf6 11. Ne3 Nf4 12. Nd5 Nxd5 13. Bxd5 h6 14. Be3 Ne7
1/2-1/2

[Event "CVST 2012"]
[Site "Wijk aan Zee"]
[Date "2012.11.25"]
[Round "6.1"]
[White "Admiraal, Miguoel"]
[Black "Ris, Robert"]
[Result "1-0"]
[WhiteElo "2301"]
[BlackElo "2400"]
[PlyCount "105"]
[EventDate "2012.??.??"]

1. d4 Nf6 2. Nf3 g6 3. g3 Bg7 4. Bg2 c5 5. d5 d6 6. Nc3 O-O 7. O-O Na6 8. h3
Rb8 9. e4 Nd7 10. a4 Nc7 11. Re1 a6 12. Bf4 Ne5 13. Bxe5 Bxe5 14. Nxe5 dxe5 15.
a5 Nb5 16. Qd2 Nd4 17. Na4 Bxh3 18. Nxc5 Qd6 19. b4 Bg4 20. c3 Nb5 21. Bf1 Bd7
22. Rac1 Kg7 23. Qb2 Rfc8 24. Bxb5 axb5 25. Qe2 h5 26. Qe3 Rh8 27. Kg2 h4 28.
gxh4 Rxh4 29. Rh1 Rbh8 30. Rxh4 Rxh4 31. Rh1 Rxh1 32. Kxh1 Bc8 33. Nd3 f6 34.
Kg1 Qd7 35. Qg3 g5 36. Kf1 Qc7 37. Nc5 b6 38. axb6 Qxb6 39. Qe3 Kg6 40. Qd3 Kh5
41. Kg2 Kg6 42. c4 bxc4 43. Qxc4 Bg4 44. Kg3 Bd1 45. Ne6 Qb8 46. Qd3 Bh5 47. b5
Qa7 48. Qc3 Be2 49. Qb2 Bf1 50. b6 Qb8 51. f3 Ba6 52. Qh2 Bc8 53. Qh8 1-0

[Event "CVST 2012"]
[Site "Wijk aan Zee"]
[Date "2012.11.25"]
[Round "6.3"]
[White "Brunello, Sabino"]
[Black "Jonkman, Harmen"]
[Result "1-0"]
[WhiteElo "2591"]
[BlackElo "2421"]
[PlyCount "103"]
[EventDate "2012.??.??"]

1. d4 d5 2. c4 dxc4 3. e4 Nf6 4. e5 Nd5 5. Bxc4 Nb6 6. Bd3 Nc6 7. Ne2 Bg4 8. f3
Be6 9. Nbc3 Qd7 10. Ne4 Bd5 11. Nc5 Qc8 12. Bd2 e6 13. Rc1 Nd7 14. Ne4 Nb4 15.
Bb1 Bc6 16. O-O a5 17. Qe1 Qb8 18. a3 Nd5 19. f4 g6 20. Bxa5 Qa7 21. Bd2 Bb5
22. Kh1 Bxe2 23. Qxe2 Qxd4 24. Nc3 Nxc3 25. Bxc3 Qb6 26. f5 Bh6 27. Rcd1 O-O-O
28. fxg6 fxg6 29. Bd4 c5 30. Bc3 Nb8 31. Rd6 Rxd6 32. exd6 Re8 33. Rf7 Qxd6 34.
Be5 Qd2 35. Qxd2 Bxd2 36. Be4 Nc6 37. Bxc6 bxc6 38. Rxh7 Rf8 39. Rh8 Rxh8 40.
Bxh8 Kc7 41. Bc3 Be3 42. g3 Kd6 43. Kg2 Kd5 44. Kf3 Bd4 45. a4 Bg1 46. h4 Kc4
47. Ke2 e5 48. g4 Bh2 49. h5 gxh5 50. gxh5 Bf4 51. a5 Kb5 52. Kd3 1-0

[Event "CVST 2012"]
[Site "Wijk aan Zee"]
[Date "2012.11.25"]
[Round "6.4"]
[White "Plukkel, Sjoerd"]
[Black "Schoorl, Rob"]
[Result "1/2-1/2"]
[WhiteElo "2330"]
[BlackElo "2363"]
[PlyCount "122"]
[EventDate "2012.??.??"]

1. d4 e6 2. e4 d5 3. e5 c5 4. c3 Nc6 5. Nf3 Bd7 6. a3 f6 7. Bf4 Qb6 8. b4 cxd4
9. cxd4 g5 10. Be3 g4 11. Nfd2 fxe5 12. dxe5 Qc7 13. Qxg4 Nxe5 14. Qh5+ Ng6 15.
Bd3 Qc1+ 16. Ke2 Qxh1 17. Bxg6+ hxg6 18. Qxh8 Bb5+ 19. Kf3 Qd1+ 20. Kg3 Bd6+
21. Kh3 O-O-O 22. Qc3+ Kb8 23. Nf3 e5 24. Nbd2 Qe2 25. Re1 d4 26. Qb3 Bd7+ 27.
g4 Qb5 28. Bg5 Re8 29. Ne4 Bc7 30. Kg3 Be6 31. Qc2 Ne7 32. Qc5 Qxc5 33. bxc5
Nd5 34. Nd6 e4 35. Rxe4 Nc3 36. Re5 Bd7 37. Rxe8+ Bxe8 38. Kg2 Bc6 39. Bf6 Ne4
40. Nxe4 Bxe4 41. Bxd4 Bf4 42. h4 Kc7 43. h5 gxh5 44. gxh5 Kd7 45. h6 Bxh6 46.
Kg3 Bc1 47. c6+ Kxc6 48. Bxa7 Bxa3 49. Nd4+ Kd5 50. f3 Bd3 51. Kf2 Bc1 52. Bb6
Kc4 53. Ne6 Kb5 54. Nc5 Bf5 55. Nb3 Bb2 56. Nd4+ Kxb6 57. Nxf5 Kc5 58. Ke2 Be5
59. Kd3 b5 60. Ne3 b4 61. Kc2 Ba1 1/2-1/2

[Event "CVST 2012"]
[Site "Wijk aan Zee"]
[Date "2012.11.25"]
[Round "6.5"]
[White "Demuth, Adrien"]
[Black "Van der Lende, Ilias"]
[Result "1-0"]
[WhiteElo "2479"]
[BlackElo "2169"]
[PlyCount "81"]
[EventDate "2012.??.??"]

1. d4 e6 2. c4 Nf6 3. Nf3 Bb4+ 4. Bd2 Qe7 5. g3 Nc6 6. Nc3 O-O 7. Bg2 d5 8. O-O
dxc4 9. a3 Bxc3 10. Bxc3 Rb8 11. Ne5 Nd5 12. Nxc4 Rd8 13. Qc2 Nxc3 14. bxc3 b5
15. Bxc6 bxc4 16. Qa4 Rb6 17. Rfb1 Ra6 18. Qxc4 Rxa3 19. Rxa3 Qxa3 20. Rb8 Qf8
21. Qb4 Ba6 22. Qxf8+ Rxf8 23. Rb2 Bc8 24. Bb7 Bxb7 25. Rxb7 Ra8 26. Rxc7 a5
27. Rb7 a4 28. Rb2 Kf8 29. Kf1 Ke7 30. Ke1 Kd6 31. Kd2 e5 32. Kd3 f5 33. dxe5+
Kxe5 34. Kc2 a3 35. Rb5+ Ke4 36. Kd2 Rd8+ 37. Ke1 Rd5 38. Rb4+ Ke5 39. Ra4 f4
40. gxf4+ Kf5 41. e4+ 1-0

[Event "CVST 2012"]
[Site "Wijk aan Zee"]
[Date "2012.11.26"]
[Round "7.1"]
[White "Castaneda, Georgui"]
[Black "Admiraal, Miguoel"]
[Result "1/2-1/2"]
[WhiteElo "2518"]
[BlackElo "2301"]
[PlyCount "37"]
[EventDate "2012.??.??"]

1. Nf3 Nf6 2. c4 e6 3. g3 b6 4. Bg2 Bb7 5. O-O Be7 6. d4 O-O 7. d5 exd5 8. Nh4
c6 9. cxd5 Nxd5 10. Nf5 Bf6 11. e4 Ne7 12. Nd6 Ba6 13. Re1 Nc8 14. e5 Nxd6 15.
exd6 Bc4 16. Nd2 Be6 17. Ne4 Na6 18. Qf3 Nb4 19. Nxf6+ 1/2-1/2

[Event "CVST 2012"]
[Site "Wijk aan Zee"]
[Date "2012.11.26"]
[Round "7.2"]
[White "Van der Lende, Ilias"]
[Black "Rozentalis, Eduardas"]
[Result "0-1"]
[WhiteElo "2169"]
[BlackElo "2592"]
[PlyCount "82"]
[EventDate "2012.??.??"]

1. e4 e6 2. d4 d5 3. Nd2 Nf6 4. Bd3 c5 5. c3 cxd4 6. cxd4 dxe4 7. Nxe4 Bb4+ 8.
Nc3 O-O 9. Nf3 b6 10. O-O Bb7 11. Bg5 Nbd7 12. Rc1 Rc8 13. Qe2 Bxc3 14. bxc3
Qc7 15. Rfd1 Rfe8 16. Bh4 Qf4 17. Bg3 Qg4 18. Ba6 Bxa6 19. Qxa6 Qe4 20. c4 Qc6
21. Ne5 Nxe5 22. dxe5 Ne4 23. Qxa7 Ra8 24. Qd7 Qxd7 25. Rxd7 Rxa2 26. f3 Nc5
27. Rd6 Rb2 28. Bf2 h5 29. Bd4 Rb3 30. Bxc5 bxc5 31. Rc2 Rc8 32. Rd7 h4 33. Kf2
g5 34. Ke2 Kg7 35. Ra2 Kg6 36. Raa7 Rb2+ 37. Kf1 Rf8 38. h3 Rc2 39. Rac7 Rb8
40. Kg1 Rb1+ 41. Kh2 Rcc1 0-1

[Event "CVST 2012"]
[Site "Wijk aan Zee"]
[Date "2012.11.26"]
[Round "7.3"]
[White "Schoorl, Rob"]
[Black "Demuth, Adrien"]
[Result "0-1"]
[WhiteElo "2363"]
[BlackElo "2479"]
[PlyCount "74"]
[EventDate "2012.??.??"]

1. e4 e5 2. Nf3 Nc6 3. Bb5 a6 4. Ba4 Nf6 5. O-O Bc5 6. c3 b5 7. Bb3 d6 8. d4
Bb6 9. h3 O-O 10. Be3 Bb7 11. Nbd2 h6 12. a3 Re8 13. Bc2 Na5 14. Qb1 c5 15. d5
c4 16. Bxb6 Qxb6 17. Qd1 Qd8 18. Nh2 Bc8 19. f4 exf4 20. Rxf4 Nd7 21. Qh5 Ne5
22. Ndf3 Ra7 23. Nxe5 dxe5 24. Rf2 Qg5 25. Qe2 Qe7 26. Qe3 Rd7 27. Qb6 Qd8 28.
Qe3 Nb7 29. a4 Nd6 30. Bd1 Qg5 31. Qxg5 hxg5 32. Bg4 Rb7 33. axb5 axb5 34. Re2
b4 35. Ra6 bxc3 36. bxc3 Rb1+ 37. Kf2 Bxa6 0-1